LIV Golf Teams - Statistics

General Stats
  • This quiz has been taken 15 times
  • The average score is 7 of 13
Answer Stats
Captain Answer % Correct
DeChambeau Crushers GC
92%
Garcia Fireballs GC
67%
Watson RangeGoats GC
67%
Smith Ripper GC
67%
Johnson 4Aces GC
58%
Mickelson HyFlyers GC
58%
Poulter Majesticks GC
58%
An Korean GC
50%
Rahm Legion XIII
50%
Gooch Smash GC
50%
Kaymer Cleeks GC
42%
Oosthuizen Southern Guards GC
42%
Niemann Torque GC
42%
No matching quizzes found
Score Distribution
Percent of People with Each Score
Percentile by Number Answered
Your Score History
You have not taken this quiz